| 000 | 00386 a2200133 4500 | ||
|---|---|---|---|
| 001 | 91953 | ||
| 082 | _aPR 1725 | ||
| 090 |
_c43900 _d43899 |
||
| 100 | _aHasan Masood and Ubaid ur Rehman; Prof Atif Bin Mansoor, Advisor | ||
| 245 |
_aDevelopment of Palm print based authentication system _n64 "B" EC |
||
| 260 |
_aRawalpindi _bNUST _c2008 |
||
| 300 | _a44p | ||
| 500 | _aBE Project Report | ||
| 942 |
_aCAE NUST _kPR 1725 |
||
| 999 |
_c327026 _d327026 |
||